La formación del mundo latinoamericano : aportaciones a la historia económica e intelectual : en homenaje a la obra de Carlos Marichal /

Detalles Bibliográficos
Otros Autores: Zuleta, María Cecilia (Editor)
Formato: Electrónico eBook
Lenguaje:español
Publicado: Ciudad de México, México : El Colegio de México, 2023.
Edición:Primera edición electrónica.
Materias:
Acceso en línea:Digitalia Hispánica

MARC

LEADER 00000nam a2200000 i 4500
001 DIGCOLMX0483
003 NyNyDIG
006 m o d
007 cr |||||||||||
008 231209t20232022mx ab ob 001 0 spa d
035 |a (OCoLC)1414666668 
040 |a DGITA  |b eng  |e rda  |e pn  |c DGITA 
020 |a 9786075645193  |q electrónico 
020 |z 9786075643755  |q impreso 
043 |a cl-----   |a n-mx--- 
050 1 4 |a HC94 ebook 
245 0 3 |a La formación del mundo latinoamericano :  |b aportaciones a la historia económica e intelectual : en homenaje a la obra de Carlos Marichal /  |c María Cecilia Zuleta [and 3 others] (coordinadores). 
250 |a Primera edición electrónica. 
264 1 |a Ciudad de México, México :  |b El Colegio de México,  |c 2023. 
264 4 |c ©2022 
300 |a 1 online resource :  |b illustrations, maps. 
336 |a text  |b txt  |2 rdacontent 
337 |a computer file  |b c  |2 rdamedia 
338 |a online resource  |b cr  |2 rdacarrier 
347 |a text file  |2 rdaft 
347 |b EPUB 
504 |a Includes bibliographical references. 
588 0 |a Online resource; title from ePub title page (Digitalia, viewed December 9, 2023) 
600 1 0 |a Marichal, Carlos. 
651 0 |a Latin America  |x Intellectual life. 
651 0 |a Mexico  |x Economic conditions. 
700 1 |a Zuleta, María Cecilia,  |e editor. 
776 0 8 |i Print version:  |t Formación del mundo latinoamericano.  |b Primera edición impresa.  |d Ciudad de México, México : El Colegio de México, 2022  |z 9786075643755 
791 2 |a Digitalia (Firm),  |e distributor. 
793 0 |g Digitalia eBook Collection:  |a El Colegio de México 
856 4 0 |3 Digitalia Hispánica  |u https://www.digitaliapublishing.com/a/131852/ 
910 |a Premium collection: 2023